Southville International School and Colleges
Your cart is empty.
  • Cart
  • Lists
    Public lists Eva Luna New books Lux_list list_1
    Your lists Log in to create your own lists
  • Log in to your account
  • Your cookies
  • Search history
Southville International School and Colleges
  • Advanced search
  • Recent comments
  • Most popular
  • Libraries

Log in to your account

Log in with GOOGLE


If you do not have an external account, but do have a local account, you can still log in:

  1. Home
  2. MARC view: Environmental science :
Normal view MARC view ISBD view

Environmental science : (Record no. 290859)

[ view plain ]
MARC details
000 -LEADER
fixed length control field 00810nam a2200301Ia 4500
008 - FIXED-LENGTH DATA ELEMENTS--GENERAL INFORMATION
fixed length control field 160216s9999 xx 000 0 und d
020 ## - INTERNATIONAL STANDARD BOOK NUMBER
International Standard Book Number 0-495-38337-6
050 ## - LIBRARY OF CONGRESS CALL NUMBER
Classification number MAIN GE 105
050 ## - LIBRARY OF CONGRESS CALL NUMBER
Item number .M55 2008
100 ## - MAIN ENTRY--PERSONAL NAME
Personal name Miller, G. Tyler, Jr.
245 ## - TITLE STATEMENT
Title Environmental science :
245 ## - TITLE STATEMENT
Remainder of title problems, concepts, and solutions /
245 ## - TITLE STATEMENT
Statement of responsibility, etc G. Tyler Miller, Jr., Scott Spoolman.
250 ## - EDITION STATEMENT
Edition statement 12th Edition
260 ## - PUBLICATION, DISTRIBUTION, ETC. (IMPRINT)
Place of publication, distribution, etc Australia :
260 ## - PUBLICATION, DISTRIBUTION, ETC. (IMPRINT)
Name of publisher, distributor, etc Thomson Brooks/Cole.
260 ## - PUBLICATION, DISTRIBUTION, ETC. (IMPRINT)
Date of publication, distribution, etc 2008
300 ## - PHYSICAL DESCRIPTION
Extent 584 pages :
300 ## - PHYSICAL DESCRIPTION
Other physical details col. ill. ;
300 ## - PHYSICAL DESCRIPTION
Dimensions 28 cm.
500 ## - GENERAL NOTE
General note Includes index.
650 ## - SUBJECT ADDED ENTRY--TOPICAL TERM
Topical term or geographic name as entry element Environmental protection --
650 ## - SUBJECT ADDED ENTRY--TOPICAL TERM
Topical term or geographic name as entry element Environmental sciences --
650 ## - SUBJECT ADDED ENTRY--TOPICAL TERM
Topical term or geographic name as entry element Human ecology --
650 ## - SUBJECT ADDED ENTRY--TOPICAL TERM
General subdivision Textbooks.
650 ## - SUBJECT ADDED ENTRY--TOPICAL TERM
General subdivision Textbooks.
650 ## - SUBJECT ADDED ENTRY--TOPICAL TERM
General subdivision Textbooks.
Holdings
Withdrawn status Lost status Damaged status Home library Current library Shelving location Date acquired Cost, normal purchase price Total Checkouts Full call number Barcode Date last seen Price effective from Koha item type
      South Mansfield College South Mansfield College Reserve Section   3.00   MAIN GE 105 .M55 2008 SMC05399 02/16/2016 02/16/2016  

Environmental science :

APA

Miller G. T. J., .Environmental science. Australia: .

Chicago

Miller G Tyler Jr, .Environmental science. Australia: .

Harvard

Miller G. T. J., .Environmental science. Australia: .

MLA

Miller G Tyler Jr, .Australia: . .

  • Place hold
  • Print
  • Cite
  • Add to your cart (remove)
  • Save record
    BIBTEX Dublin Core MARCXML MARC (non-Unicode/MARC-8) MARC (Unicode/UTF-8) MARC (Unicode/UTF-8, Standard) MODS (XML) RIS
  • More searches
    Search for this title in:
    Other Libraries (WorldCat) Other Databases (Google Scholar) Online Stores (Bookfinder.com) Open Library (openlibrary.org)

Exporting to Dublin Core...

SOUTHVILLE LIBRARY

Southville International School and Colleges Library

1281 Tropical Ave. Cor. Luxembourg St., BF Homes International, Las Pinas City

Tel. No. 8256374 / 252358 Loc. 117/146

Powered by Koha